| 000 | 00782nam a22002657a 4500 | ||
|---|---|---|---|
| 003 | CHAP | ||
| 005 | 20220329135408.0 | ||
| 008 | 971013s1922 r 00010 d | ||
| 010 | _a35660 | ||
| 011 | _a36632 | ||
| 035 | _a40751 | ||
| 040 | _cCHAP | ||
| 090 | _aFolleto 8289 | ||
| 110 |
_aMéxico. Secretaría de Industria, Comercio y Trabajo _977187 |
||
| 245 | _aLigero estudio sobre cooperativismo | ||
| 260 |
_aMéxico, D.F. : _bLa Secretaría, _c1922 |
||
| 300 | _a44 p | ||
| 590 |
_aBATCH-UPD _b10 _c20130110 _lUCH01 _h2043 |
||
| 590 |
_aCONVERSION _b10 _c20130109 _lUCH01 _h1320 |
||
| 650 | 1 | 4 |
_aCooperativismo. _927786 |
| 650 | 1 | 4 |
_aSociedades cooperativas _xColima. _9108124 |
| 901 | _aBK | ||
| 942 | _cFOLL | ||
| 949 |
_aFolleto 8289 _bBC _cBPP _d-93150 _eBPP _i40751 _mD _si |
||
| 999 |
_c35660 _d35660 |
||